000
00274nam a2200109Ia 4500
008
200302s9999 xx 000 0 und d
100
_a
Author
245
_a
Residential Spaces of the World Vol 5 (61)
260
_b
Images Publishing Group
260
_c
2003
300
_a
224 P.,
999
_c
1890
_d
1890